The effect of augmenting instruction with an improvised teaching aid for college women in learning selected badminton skills /

Bibliographic Details
Main Author: Brown, Dulcie Patricia, 1928-
Format: Thesis Book
Language:English
Published: [Place of publication not identified] : Brown, 1969.
Subjects:

MARC

Tag First Indicator Second Indicator Subfields
LEADER 00000cam a2200000 i 4500
001 in00000064339
005 20151008051801.0
008 730510r19721969orua bb 00010 eng d
035 |a (OCoLC)00619850 
035 |9 AAG9967AM 
040 |c MIA  |d TXA  |d UtOrBLW 
049 |a TXAI 
099 |a fiche  |a C  |a 1417 
100 1 |a Brown, Dulcie Patricia,  |d 1928- 
245 1 4 |a The effect of augmenting instruction with an improvised teaching aid for college women in learning selected badminton skills /  |c by Dulcie Patricia Brown. 
264 1 |a [Place of publication not identified] :  |b Brown,  |c 1969. 
300 |a 135 leaves :  |b illustrations ;  |c 29 cm. 
336 |a text  |b txt  |2 rdacontent 
337 |a microform  |b h  |2 rdamedia 
338 |a microfiche  |b he  |2 rdacarrier 
500 |a Vita. 
500 |a Microfiche (negative) of typescript. Eugene : Microform Publications, College of Health, Physical Education and Recreation, University of Oregon, 1972. -- 2 sheets ; 10.5 x 14.8 cm. 
502 |c Indiana University. 
504 |a Bibliography: leaves 101-107. 
500 |a Microform. 
650 0 |a Badminton (Game) 
999 |a MARS 
999 f f |s 67768f67-a6dc-3c53-8ed8-e45dc9c18980  |i 4befc972-ee7b-3ca0-8a7a-36cf1f100b61  |t 0 
952 f f |p normal  |a Texas A&M University  |b College Station  |c Sterling C. Evans Library  |d Evans: Microforms (3rd floor)  |t 0  |e fiche C 1417  |h Other scheme  |i microform -- microfiche  |m A14820663299 
998 f f |a fiche C 1417  |t 0  |l Evans: Microforms (3rd floor)